00924 a2200157 45000010006000000050017000060080041000230030015000640400040000790800073001192450037001922640043002293000018002725050455002901000021007453816420260407155646.0260407a1970 arg spa dAR-UNSa-BCEJYS aAR-UNSa-BCEJYSbspacAR-UNSa-BCEJYS a658.8xOrganización de mercados. Marketing. Ventas. Distribución10aEstrategia de comercialización 1aBuenos Aires :bEdiciones Macchic1970 a470 pc23 cm. a1. Teoría de los sistemas y de su acción - 2. Modelo general de comercialización - 3. Teoría microeconómica de la competencia perfecta - 4. Posibilidades de aplicación en nuestro medio de herramientas modernas de comercialización - 5. Objetivización - 6. Investigación - 7. La estrategia del producto - 8. La estrategia del precio - 9. La estrategia de comunicación - 10. La estrategia de logística - 11. La estrategia integrada1 aLevy, Alberto R.